[Event "Dortmund op"]
[Site "Dortmund"]
[Date "1991.??.??"]
[Round "8"]
[White "Vehi Bach, Victor Manuel"]
[Black "Balashov, Yuri S"]
[Result "0-1"]
[WhiteElo "2420"]
[BlackElo "2580"]
[PlyCount "100"]
[EventDate "1991.03.23"]
[EventType "swiss"]
[EventRounds "9"]
[EventCountry "GER"]
[SourceTitle "TD"]
[Source "ChessBase"]
[SourceDate "1994.03.01"]
[SourceVersion "1"]
[SourceVersionDate "1994.03.01"]
[SourceQuality "1"]

1. e4 e5 2. Nf3 Nc6 3. Bb5 a6 4. Ba4 Nf6 5. O-O Be7 6. Re1 b5 7. Bb3 d6 8. c3
O-O 9. d4 Bg4 10. Be3 exd4 11. cxd4 Na5 12. Bc2 Nc4 13. Bc1 c5 14. b3 Nb6 15.
Nbd2 Nfd7 16. Bb2 cxd4 17. h3 Bh5 18. g4 d3 19. Bxd3 Bg6 20. Nd4 Ne5 21. Bf1
Bg5 22. N2f3 Bf4 23. Nxe5 dxe5 24. Nf5 Qc7 25. Qe2 Rfe8 26. Bg2 Nd7 27. Ne3 Nf6
28. Nf5 h5 29. Bc1 hxg4 30. hxg4 Rad8 31. Nh4 Bh7 32. g5 Nd7 33. Be3 Nf8 34.
Rac1 Qe7 35. Bxf4 exf4 36. Qg4 Ne6 37. g6 Bxg6 38. Nxg6 fxg6 39. Rc6 Nc5 40.
Bf1 Nd7 41. Rxa6 Ne5 42. Qg2 Rf8 43. Rc1 Rd4 44. Bxb5 f3 45. Qg3 Rxe4 46. Ra4
Rxa4 47. bxa4 Rf5 48. Kf1 Rh5 49. Qg1 Qb4 50. Re1 Ng4 0-1

[Event "Berliner Sommer 09th"]
[Site "Berlin"]
[Date "1991.??.??"]
[Round "?"]
[White "Balashov, Yuri S"]
[Black "Furhoff, Johan"]
[Result "1-0"]
[WhiteElo "2590"]
[BlackElo "2300"]
[PlyCount "39"]
[EventDate "1991.07.27"]
[EventType "swiss"]
[EventRounds "9"]
[EventCountry "GER"]
[SourceTitle "TD"]
[Source "ChessBase"]
[SourceDate "1994.03.01"]
[SourceVersion "1"]
[SourceVersionDate "1994.03.01"]
[SourceQuality "1"]

1. Nf3 Nc6 2. e4 e5 3. Bb5 a6 4. Ba4 Nf6 5. O-O d6 6. c3 Bd7 7. d4 Qe7 8. Re1
g6 9. Nbd2 Bg7 10. h3 O-O 11. Nf1 Qe8 12. Bc2 Nh5 13. Ne3 Ne7 14. Bb3 Rd8 15.
Ng4 Kh8 16. dxe5 dxe5 17. Ngxe5 Bxe5 18. Nxe5 Bxh3 19. Qf3 Be6 20. Bh6 1-0

[Event "Berliner Sommer 09th"]
[Site "Berlin"]
[Date "1991.??.??"]
[Round "?"]
[White "Balashov, Yuri S"]
[Black "Yilmaz, Turhan"]
[Result "1-0"]
[WhiteElo "2590"]
[BlackElo "2340"]
[PlyCount "65"]
[EventDate "1991.07.27"]
[EventType "swiss"]
[EventRounds "9"]
[EventCountry "GER"]
[SourceTitle "TD"]
[Source "ChessBase"]
[SourceDate "1994.03.01"]
[SourceVersion "1"]
[SourceVersionDate "1994.03.01"]
[SourceQuality "1"]

1. c4 f5 2. Nf3 Nf6 3. g3 g6 4. Bg2 Bg7 5. Nc3 O-O 6. O-O d6 7. d3 e5 8. e4 Nc6
9. h3 f4 10. gxf4 exf4 11. d4 Nh5 12. Re1 Kh8 13. a3 a6 14. Rb1 Rb8 15. b4 g5
16. b5 axb5 17. cxb5 Na5 18. e5 dxe5 19. Nxe5 Nf6 20. Ne4 Nxe4 21. Bxe4 g4 22.
hxg4 Qh4 23. Kg2 Bxe5 24. Rh1 Qxg4+ 25. Qxg4 Bxg4 26. Rxh7+ Kg8 27. dxe5 Bf5
28. Bxf5 Rxf5 29. Rxc7 f3+ 30. Kg3 Re8 31. Rb4 Rexe5 32. Rg4+ Kf8 33. Bh6+ 1-0

[Event "Moscow7 op"]
[Site "Moscow"]
[Date "1991.??.??"]
[Round "?"]
[White "Murey, Jacob"]
[Black "Balashov, Yuri S"]
[Result "0-1"]
[WhiteElo "2450"]
[BlackElo "2590"]
[PlyCount "90"]
[EventDate "1991.09.??"]
[EventType "swiss"]
[EventRounds "9"]
[EventCountry "URS"]
[SourceTitle "EXT 2000"]
[Source "ChessBase"]
[SourceDate "1999.11.16"]
[SourceVersion "1"]
[SourceVersionDate "1999.11.16"]
[SourceQuality "1"]

1. e4 e5 2. Nf3 Nc6 3. Bb5 a6 4. Ba4 Nf6 5. O-O Be7 6. Re1 b5 7. Bb3 d6 8. c3
O-O 9. h3 Re8 10. d4 h6 11. Be3 Bf8 12. Nbd2 Bb7 13. Qb1 Qd7 14. a3 d5 15. dxe5
Nxe5 16. Nxe5 Rxe5 17. Bd4 Re6 18. e5 Rae8 19. f4 c5 20. Be3 Nh5 21. Bd1 d4 22.
Bxh5 dxe3 23. Nf1 c4 24. Qd1 Qc7 25. Nxe3 Bc5 26. Kh1 Rd8 27. Qg4 Rd2 28. Rad1
Bxe3 29. Rxe3 Rxg2 30. Qxg2 Bxg2+ 31. Kxg2 Re7 32. Bg4 g5 33. fxg5 Rxe5 34.
Rxe5 Qxe5 35. gxh6 f5 36. Bf3 Kh7 37. h4 Kxh6 38. Rd2 Qf4 39. Rd4 Qc1 40. Rd6+
Kg7 41. Rxa6 Qxb2+ 42. Kg3 Qxc3 43. Kf4 Qd4+ 44. Kxf5 Qc5+ 45. Kf4 c3 0-1

[Event "Wisla BES op"]
[Site "Wisla"]
[Date "1992.??.??"]
[Round "5"]
[White "Balashov, Yuri S"]
[Black "Janocha, Wieslaw Adam"]
[Result "1-0"]
[WhiteElo "2565"]
[BlackElo "2330"]
[PlyCount "81"]
[EventDate "1992.??.??"]
[EventType "swiss"]
[EventRounds "9"]
[EventCountry "POL"]
[SourceTitle "TD"]
[Source "ChessBase"]
[SourceDate "1994.03.01"]
[SourceVersion "1"]
[SourceVersionDate "1994.03.01"]
[SourceQuality "1"]

1. e4 e5 2. Nf3 Nc6 3. Bb5 a6 4. Ba4 Nf6 5. O-O Be7 6. Re1 b5 7. Bb3 O-O 8. a4
Rb8 9. axb5 axb5 10. c3 d6 11. h3 b4 12. d3 bxc3 13. bxc3 Nd7 14. Be3 Nb6 15.
Nbd2 Kh8 16. Bd5 Qd7 17. Bxb6 Rxb6 18. Nc4 Ra6 19. Qb3 Nd8 20. Rxa6 Bxa6 21.
Ra1 Bxc4 22. Bxc4 Ne6 23. Ra7 Nf4 24. Kh2 f5 25. Qb5 Qc8 26. Qc6 fxe4 27. Rxc7
Qf5 28. Qxe4 Qf6 29. g3 Ng6 30. Kg2 Bd8 31. Rd7 Bb6 32. Rb7 Bc5 33. Rb3 Ba7 34.
d4 Rb8 35. Rxb8+ Bxb8 36. Qb7 Qf8 37. Ng5 h6 38. Ne6 Qg8 39. Bd5 exd4 40. cxd4
Kh7 41. Ng5+ 1-0

[Event "Wisla BES op"]
[Site "Wisla"]
[Date "1992.??.??"]
[Round "7"]
[White "Balashov, Yuri S"]
[Black "Borngaesser, Rene"]
[Result "1-0"]
[WhiteElo "2565"]
[BlackElo "2360"]
[PlyCount "59"]
[EventDate "1992.??.??"]
[EventType "swiss"]
[EventRounds "9"]
[EventCountry "POL"]
[SourceTitle "TD"]
[Source "ChessBase"]
[SourceDate "1994.03.01"]
[SourceVersion "1"]
[SourceVersionDate "1994.03.01"]
[SourceQuality "1"]

1. e4 e6 2. d4 d5 3. Nd2 Nf6 4. e5 Ne4 5. Bd3 Nxd2 6. Bxd2 c5 7. dxc5 Nd7 8.
Nf3 Nxc5 9. O-O Be7 10. Re1 O-O 11. Bf1 Qb6 12. Bc3 Bd7 13. Bd4 Qc7 14. Re3 a5
15. Rc1 b6 16. c3 a4 17. g3 Bc6 18. h4 Rae8 19. Bh3 Ne4 20. Nd2 f5 21. exf6
Bxf6 22. Bxf6 Rxf6 23. Nxe4 dxe4 24. Qe1 b5 25. Rd1 Bd5 26. a3 Ref8 27. Rd2 Rf3
28. Bg2 Rxe3 29. Qxe3 Qe5 30. Rd4 1-0

[Event "Katowice op"]
[Site "Katowice"]
[Date "1992.??.??"]
[Round "6"]
[White "Balashov, Yuri S"]
[Black "Pedzich, Dominik"]
[Result "1-0"]
[WhiteElo "2565"]
[BlackElo "2385"]
[PlyCount "83"]
[EventDate "1992.01.28"]
[EventType "swiss"]
[EventRounds "9"]
[EventCountry "POL"]
[SourceTitle "TD"]
[Source "ChessBase"]
[SourceDate "1994.03.01"]
[SourceVersion "1"]
[SourceVersionDate "1994.03.01"]
[SourceQuality "1"]

1. e4 c5 2. Nf3 e6 3. d3 Nc6 4. g3 Nf6 5. Bg2 Be7 6. O-O O-O 7. Qe2 b6 8. b3
Ba6 9. c4 Rc8 10. Bb2 d6 11. Na3 Nd7 12. Rad1 Nde5 13. Nc2 b5 14. Nxe5 dxe5 15.
cxb5 Bxb5 16. Na3 Qa5 17. Nxb5 Qxb5 18. Rc1 Rfd8 19. Rc4 a5 20. Bf3 Ra8 21. Bc3
Ra7 22. Qb2 a4 23. bxa4 Qxb2 24. Bxb2 Rxd3 25. Bd1 Rb7 26. Bc3 Nd4 27. a5 g5
28. Kg2 Kg7 29. Ba4 Kg6 30. Rd1 Rxd1 31. Bxd1 Bd6 32. a6 Ra7 33. Ra4 h5 34. Bb3
g4 35. Bc4 f5 36. Ba5 f4 37. Bb6 f3+ 38. Kf1 Ra8 39. a7 Bb8 40. Ke1 Nc6 41.
axb8=Q Rxb8 42. Bxc5 1-0

[Event "Katowice op"]
[Site "Katowice"]
[Date "1992.??.??"]
[Round "7"]
[White "Panchenko, Alexandar G"]
[Black "Balashov, Yuri S"]
[Result "0-1"]
[WhiteElo "2470"]
[BlackElo "2565"]
[PlyCount "106"]
[EventDate "1992.01.28"]
[EventType "swiss"]
[EventRounds "9"]
[EventCountry "POL"]
[SourceTitle "TD"]
[Source "ChessBase"]
[SourceDate "1994.03.01"]
[SourceVersion "1"]
[SourceVersionDate "1994.03.01"]
[SourceQuality "1"]

1. d4 Nf6 2. Nf3 e6 3. c4 b6 4. g3 Bb7 5. Bg2 Be7 6. Nc3 O-O 7. O-O Ne4 8. Bd2
f5 9. d5 Bf6 10. Rc1 c5 11. Ne1 Bxc3 12. Bxc3 exd5 13. cxd5 d6 14. Bf3 Nd7 15.
Ng2 Nxc3 16. Rxc3 g5 17. e4 Ba6 18. Re1 f4 19. gxf4 gxf4 20. Bg4 Ne5 21. Be6+
Kh8 22. Qh5 Qe8 23. Qxe8 Raxe8 24. Nh4 Nd3 25. Ra3 Bb5 26. Rxd3 Bxd3 27. f3 Bb5
28. Kf2 Rd8 29. Nf5 Be8 30. Rg1 Bf7 31. Bxf7 Rxf7 32. Rg4 b5 33. Rxf4 Rdf8 34.
Ke3 a5 35. Rh4 Rxf5 36. exf5 Rxf5 37. f4 Rxd5 38. Ke4 Rd2 39. Kf5 Kg7 40. Ke6
Rxb2 41. Rg4+ Kf8 42. Rh4 Rxa2 43. Rxh7 Rf2 44. f5 a4 45. h4 a3 46. Ra7 a2 47.
h5 b4 48. h6 Kg8 49. Kf6 Rg2 50. Ke6 b3 51. f6 Rf2 52. h7+ Kh8 53. f7 b2 0-1

[Event "Cappelle op 08th"]
[Site "Cappelle la Grande"]
[Date "1992.??.??"]
[Round "2"]
[White "Balashov, Yuri S"]
[Black "Priehoda, Vitezslav"]
[Result "1-0"]
[WhiteElo "2565"]
[BlackElo "2390"]
[PlyCount "53"]
[EventDate "1992.02.??"]
[EventType "swiss"]
[EventRounds "9"]
[EventCountry "FRA"]
[SourceTitle "EXT 1997"]
[Source "ChessBase"]
[SourceDate "1996.11.15"]
[SourceVersion "1"]
[SourceVersionDate "1996.11.15"]
[SourceQuality "1"]

1. e4 e6 2. d4 d5 3. Nd2 Nf6 4. e5 Nfd7 5. f4 c5 6. Ndf3 Nc6 7. Ne2 Be7 8. g3
O-O 9. Bh3 b5 10. a3 a5 11. O-O Ba6 12. c3 b4 13. f5 exf5 14. Bxf5 Nb6 15. Rf2
bxc3 16. bxc3 Bc8 17. Qd3 Bxf5 18. Qxf5 cxd4 19. cxd4 Qc8 20. Qh5 f6 21. Rb1
Rb8 22. Bf4 Rb7 23. exf6 Bxf6 24. Bd6 Re8 25. Ng5 g6 26. Qh6 Qd8 27. Rbf1 1-0

[Event "Cappelle op 08th"]
[Site "Cappelle la Grande"]
[Date "1992.??.??"]
[Round "8"]
[White "Balashov, Yuri S"]
[Black "Apicella, Manuel"]
[Result "1-0"]
[WhiteElo "2565"]
[BlackElo "2435"]
[PlyCount "173"]
[EventDate "1992.02.??"]
[EventType "swiss"]
[EventRounds "9"]
[EventCountry "FRA"]
[SourceTitle "EXT 1997"]
[Source "ChessBase"]
[SourceDate "1996.11.15"]
[SourceVersion "1"]
[SourceVersionDate "1996.11.15"]
[SourceQuality "1"]

1. Nf3 Nf6 2. g3 g6 3. Bg2 Bg7 4. O-O O-O 5. d3 d5 6. Nbd2 c5 7. e4 Nc6 8. Re1
d4 9. a4 e5 10. Nc4 Ne8 11. Nfd2 Rb8 12. f4 f6 13. Nb3 b6 14. f5 Nd6 15. Nxd6
Qxd6 16. Rf1 a6 17. Nd2 b5 18. axb5 axb5 19. h4 Bd7 20. g4 g5 21. hxg5 fxg5 22.
Nf3 h6 23. Qe2 Bf6 24. Bd2 Ra8 25. Rfc1 Kg7 26. Nh2 Rfc8 27. Nf1 Be8 28. Ng3
Bf7 29. Nh5+ Bxh5 30. gxh5 b4 31. Qf1 Qd7 32. Rxa8 Rxa8 33. Ra1 Qb7 34. Bf3 Ra6
35. Be2 Qa7 36. Rxa6 Qxa6 37. Qb1 Qa4 38. Kg2 Be7 39. Be1 Na7 40. Bd1 Bd6 41.
c3 b3 42. cxd4 exd4 43. e5 Bxe5 44. Bf3 Bd6 45. Qd1 Qe8 46. Bf2 Qe5 47. Qxb3
Qh2+ 48. Kf1 Qh3+ 49. Ke2 Qxf5 50. Qb7+ Qf7 51. Qa6 Qe6+ 52. Be4 Nc8 53. b4
cxb4 54. Bxd4+ Kf7 55. Qa8 Qg4+ 56. Kd2 Bf4+ 57. Kc2 Qe2+ 58. Kb3 Qd1+ 59. Kxb4
Bd6+ 60. Kc3 Qc1+ 61. Kb3 Qd1+ 62. Ka2 Qc2+ 63. Bb2 Ke7 64. Bf5 Kd8 65. Qd5 Qc5
66. Bf6+ Kc7 67. Qxc5+ Bxc5 68. Bg7 Ne7 69. Be4 g4 70. Bxh6 Bd4 71. Bf4+ Kd7
72. Kb3 Ke6 73. Kc4 Be5 74. Bxe5 Kxe5 75. h6 Nc8 76. h7 Nd6+ 77. Kc3 Nf7 78.
Kd2 Kf4 79. Ke2 Nh8 80. Kf2 Nf7 81. Bg2 g3+ 82. Ke2 Nh8 83. d4 Nf7 84. d5 Kf5
85. d6 Kf6 86. Bd5 Nh8 87. Kf3 1-0

[Event "Dortmund op-A"]
[Site "Dortmund"]
[Date "1992.??.??"]
[Round "3"]
[White "Blauert, Joerg"]
[Black "Balashov, Yuri S"]
[Result "0-1"]
[WhiteElo "2375"]
[BlackElo "2565"]
[PlyCount "92"]
[EventDate "1992.04.??"]
[EventType "swiss"]
[EventRounds "11"]
[EventCountry "GER"]
[SourceTitle "CBM 029"]
[Source "ChessBase"]
[SourceDate "1992.08.01"]
[SourceVersion "1"]
[SourceVersionDate "1992.08.01"]
[SourceQuality "1"]

1. e4 c5 2. c3 e6 3. d4 d5 4. exd5 exd5 5. Bb5+ Nc6 6. Nf3 Bd6 7. dxc5 Bxc5 8.
O-O Nge7 9. Nbd2 O-O 10. Nb3 Bb6 11. Bd3 h6 12. Re1 Bg4 13. Be3 Re8 14. Bxb6
Qxb6 15. Re3 Nf5 16. Rxe8+ Rxe8 17. Bxf5 Bxf5 18. Qd2 a5 19. Nfd4 Bg6 20. a4
Re4 21. f3 Re7 22. Kh1 Ne5 23. Nb5 Nd3 24. N3d4 Qf6 25. b3 h5 26. g3 h4 27. Kg2
Bh7 28. Rf1 g5 29. Kg1 Bg6 30. g4 h3 31. Rd1 Qe5 32. Rf1 Nf4 33. Rd1 Bd3 34.
Qf2 Bxb5 35. axb5 Qe3 36. Qxe3 Rxe3 37. Rc1 Nd3 38. Rd1 Ne5 39. Kf2 Rxc3 40.
Kg3 Nd3 41. Rd2 Nf4 42. Nf5 Rxb3 43. Ne7+ Kg7 44. Nxd5 Rxb5 45. Nxf4 gxf4+ 46.
Kxf4 a4 0-1

[Event "Dortmund op-A"]
[Site "Dortmund"]
[Date "1992.??.??"]
[Round "8"]
[White "Balashov, Yuri S"]
[Black "Groszpeter, Attila"]
[Result "1-0"]
[WhiteElo "2565"]
[BlackElo "2495"]
[PlyCount "65"]
[EventDate "1992.04.??"]
[EventType "swiss"]
[EventRounds "11"]
[EventCountry "GER"]
[SourceTitle "TD"]
[Source "ChessBase"]
[SourceDate "1994.03.01"]
[SourceVersion "1"]
[SourceVersionDate "1994.03.01"]
[SourceQuality "1"]

1. e4 c6 2. d3 d5 3. Nd2 e5 4. Ngf3 Bd6 5. g3 Nf6 6. Bg2 O-O 7. O-O Re8 8. b3
Bg4 9. h3 Bxf3 10. Qxf3 Nbd7 11. Qe2 Qa5 12. a3 Qa6 13. Re1 dxe4 14. Nxe4 Nxe4
15. Qxe4 Bc5 16. Bb2 Qb6 17. Qe2 a5 18. d4 exd4 19. Qxe8+ Rxe8 20. Rxe8+ Nf8
21. Rd1 h5 22. h4 Qc7 23. b4 axb4 24. axb4 Qb6 25. Ba3 Bxb4 26. Rb1 c5 27. Bxb4
cxb4 28. Ra1 g6 29. Raa8 d3 30. Rxf8+ Kg7 31. Bd5 Kf6 32. Rae8 g5 33. Rxf7+ 1-0

[Event "Dortmund op-A"]
[Site "Dortmund"]
[Date "1992.??.??"]
[Round "11"]
[White "Kindermann, Stefan"]
[Black "Balashov, Yuri S"]
[Result "0-1"]
[WhiteElo "2505"]
[BlackElo "2565"]
[PlyCount "118"]
[EventDate "1992.04.??"]
[EventType "swiss"]
[EventRounds "11"]
[EventCountry "GER"]
[SourceTitle "TD"]
[Source "ChessBase"]
[SourceDate "1994.03.01"]
[SourceVersion "1"]
[SourceVersionDate "1994.03.01"]
[SourceQuality "1"]

1. e4 e5 2. Nf3 Nc6 3. Bb5 a6 4. Ba4 Nf6 5. O-O Be7 6. Re1 b5 7. Bb3 d6 8. c3
O-O 9. h3 Re8 10. d4 h6 11. Nbd2 Bf8 12. a3 Bd7 13. Bc2 g6 14. b4 a5 15. d5 Ne7
16. bxa5 c6 17. c4 cxd5 18. cxd5 Rxa5 19. Nb3 Ra6 20. Bd2 Qa8 21. Bb4 Nc8 22.
Bd3 Nh5 23. Nfd2 Nb6 24. Rc1 Na4 25. Bf1 Qa7 26. Qc2 Rb8 27. Nf3 Nf4 28. Qd2
Ra8 29. Rc2 Qb6 30. Rec1 R6a7 31. Kh2 Qd8 32. Nbd4 Rb7 33. Nc6 Qf6 34. Qd1 Nh5
35. Kg1 Ng7 36. Na5 Rba7 37. Nc6 Rb7 38. Bd3 Nh5 39. Nh2 Nc5 40. Nf3 Nxd3 41.
Qxd3 Nf4 42. Qd1 g5 43. Na5 Rba7 44. Nc6 Ra6 45. Rc3 g4 46. Nh2 gxh3 47. g3 Qg6
48. Qc2 f5 49. Nf3 Re8 50. Kh2 Ng2 51. Nfxe5 dxe5 52. Kxh3 Bxb4 53. axb4 Nf4+
54. gxf4 fxe4+ 55. Kh2 Qh5+ 56. Kg1 exf4 57. f3 Kh7 58. Qh2 Rg8+ 59. Kh1 Bh3
0-1

[Event "Kuopio op"]
[Site "Kuopio"]
[Date "1992.??.??"]
[Round "6"]
[White "Balashov, Yuri S"]
[Black "Hakulinen, Esko Matti"]
[Result "1-0"]
[WhiteElo "2550"]
[BlackElo "2340"]
[PlyCount "117"]
[EventDate "1992.07.??"]
[EventType "swiss"]
[EventRounds "9"]
[EventCountry "FIN"]
[SourceTitle "EXT 2000"]
[Source "ChessBase"]
[SourceDate "1999.11.16"]
[SourceVersion "1"]
[SourceVersionDate "1999.11.16"]
[SourceQuality "1"]

1. e4 c6 2. d3 e5 3. Nf3 Nf6 4. Nbd2 d6 5. g3 g6 6. Bg2 Bg7 7. O-O O-O 8. a4
Nbd7 9. a5 Rb8 10. Re1 Qc7 11. d4 b5 12. axb6 axb6 13. c3 b5 14. b4 Bb7 15. Nb3
c5 16. d5 c4 17. Na5 Ba8 18. Bd2 h6 19. Nh4 Qd8 20. Be3 Rc8 21. Ra2 Kh7 22. Bc1
Ng8 23. Bh3 Rc7 24. Be3 Ne7 25. Rd2 Nc8 26. Qc2 Ndb6 27. Red1 Re8 28. Ng2 Qe7
29. f3 Kg8 30. Bf2 h5 31. Be3 Bf6 32. Rf2 Bg7 33. Re2 Na4 34. Qd2 Bf6 35. Ne1
Kh7 36. Rb1 Rh8 37. Nc2 Kg7 38. Na3 Qe8 39. Rc1 Bd8 40. f4 Bf6 41. f5 Ne7 42.
fxg6 Nxg6 43. Rf2 Bd8 44. Kg2 h4 45. Rcf1 Rh7 46. g4 Kg8 47. g5 Rg7 48. Bf5
Nf4+ 49. Bxf4 exf4 50. Kh1 Bxg5 51. Rf3 Re7 52. Nc2 Rxe4 53. Bxe4 Qxe4 54. Nc6
Bh6 55. N2d4 f5 56. Re1 Bxc6 57. Rxe4 fxe4 58. dxc6 exf3 59. Nf5 1-0

[Event "Kuopio op"]
[Site "Kuopio"]
[Date "1992.??.??"]
[Round "8"]
[White "Balashov, Yuri S"]
[Black "Rashkovsky, Nukhim N"]
[Result "1-0"]
[WhiteElo "2550"]
[BlackElo "2530"]
[PlyCount "117"]
[EventDate "1992.07.??"]
[EventType "swiss"]
[EventRounds "9"]
[EventCountry "FIN"]
[SourceTitle "EXT 2000"]
[Source "ChessBase"]
[SourceDate "1999.11.16"]
[SourceVersion "1"]
[SourceVersionDate "1999.11.16"]
[SourceQuality "1"]

1. c4 f5 2. Nc3 Nf6 3. g3 g6 4. Bg2 Bg7 5. d3 d6 6. e4 Nc6 7. Nge2 O-O 8. O-O
e5 9. exf5 Bxf5 10. h3 Qd7 11. Kh2 Kh8 12. Be3 Be6 13. Qd2 d5 14. cxd5 Nxd5 15.
Ne4 b6 16. Bg5 a5 17. Rac1 a4 18. N4c3 Ra5 19. a3 Nce7 20. Nxd5 Nxd5 21. d4 e4
22. h4 Bf5 23. Bh6 Bxh6 24. Qxh6 Raa8 25. Kg1 Rae8 26. Nc3 Nf6 27. d5 e3 28.
fxe3 Ng4 29. Qf4 Nxe3 30. Qd4+ Kg8 31. Rf2 Qd6 32. Qf4 Qc5 33. Qb4 Qxb4 34.
axb4 Bd7 35. Rxf8+ Kxf8 36. Be4 Nc4 37. Rc2 Ke7 38. b5 Kd6 39. Bd3 Ne3 40. Rd2
Re5 41. Kf2 Bf5 42. Be2 h5 43. Nxa4 Nxd5 44. Nc3 Kc5 45. b4+ Kd6 46. Bf3 Be6
47. Be4 Bf7 48. Nxd5 Bxd5 49. Bxg6 Ke7 50. Re2 Rxe2+ 51. Kxe2 Bc4+ 52. Ke3 Bxb5
53. Bxh5 c5 54. Be2 Bd7 55. b5 Kd6 56. Ke4 Be6 57. g4 Ke7 58. Ke5 Bb3 59. g5
1-0

[Event "BL2-West 9293"]
[Site "Germany"]
[Date "1992.??.??"]
[Round "?.1"]
[White "Balashov, Yuri S"]
[Black "Neidhardt, Claus Ulrich"]
[Result "1-0"]
[WhiteElo "2545"]
[BlackElo "2375"]
[PlyCount "135"]
[EventDate "1992.10.??"]
[EventType "team-tourn"]
[EventRounds "9"]
[EventCountry "GER"]
[SourceTitle "GER-chT2"]
[Source "ChessBase"]
[SourceDate "1999.07.01"]
[SourceVersion "1"]
[SourceVersionDate "1999.07.01"]
[SourceQuality "1"]
[WhiteTeam "Plettenberg"]
[BlackTeam "Schoeneck"]
[WhiteTeamCountry "GER"]
[BlackTeamCountry "GER"]

1. e4 c6 2. d3 d6 3. f4 g6 4. Nf3 Bg7 5. g3 Nh6 6. Bg2 O-O 7. Nc3 Nd7 8. O-O e5
9. Kh1 Qe7 10. f5 gxf5 11. Bxh6 Bxh6 12. Nh4 Nf6 13. Nxf5 Bxf5 14. Rxf5 Kh8 15.
Qf3 Ng8 16. Rf1 f6 17. Bh3 Bg5 18. Qe2 Qg7 19. R5f2 Rae8 20. Bf5 Qh6 21. Qf3
Rf7 22. Nd1 Rg7 23. Re2 Rf7 24. Nf2 Qg7 25. Qh5 Rfe7 26. h4 Bh6 27. Nh3 Qf7 28.
Qxf7 Rxf7 29. Rf3 d5 30. Nf2 Bf8 31. Bg4 Rg7 32. Bh5 Rd8 33. Ng4 Be7 34. Kg2 d4
35. Kh3 b5 36. Nh2 c5 37. Nf1 c4 38. g4 Rc8 39. Ng3 Nh6 40. Rg2 Bd8 41. g5 fxg5
42. Rf8+ Rg8 43. Rxg8+ Nxg8 44. Nf5 cxd3 45. cxd3 Rc1 46. hxg5 Rh1+ 47. Kg4 h6
48. Ng3 Rc1 49. g6 Bg5 50. Kf5 Bf6 51. Ke6 Rc6+ 52. Kd7 Rb6 53. Nf5 Bg7 54. Bd1
Nf6+ 55. Kd8 Rc6 56. Bb3 Nh5 57. Bf7 Nf4 58. Rg3 Rc2 59. Bb3 Rc6 60. Ne7 Rb6
61. Bf7 Bf6 62. Kc7 Nh5 63. g7+ Nxg7 64. Nd5 Ra6 65. Rg6 Nh5 66. Rxh6+ Kg7 67.
Rxh5 Kxf7 68. Rf5 1-0

[Event "BL2-West 9293"]
[Site "Germany"]
[Date "1993.??.??"]
[Round "?.2"]
[White "Beckemeier, Werner"]
[Black "Balashov, Yuri S"]
[Result "0-1"]
[WhiteElo "2390"]
[BlackElo "2545"]
[PlyCount "62"]
[EventDate "1992.10.??"]
[EventType "team-tourn"]
[EventRounds "9"]
[EventCountry "GER"]
[SourceTitle "GER-chT2"]
[Source "ChessBase"]
[SourceDate "1999.07.01"]
[SourceVersion "1"]
[SourceVersionDate "1999.07.01"]
[SourceQuality "1"]
[WhiteTeam "Solingen II"]
[BlackTeam "Plettenberg"]
[WhiteTeamCountry "GER"]
[BlackTeamCountry "GER"]

1. e4 e5 2. Nf3 Nc6 3. Bb5 a6 4. Ba4 Nf6 5. O-O Be7 6. Bxc6 dxc6 7. Qe1 Nd7 8.
d3 O-O 9. Nbd2 Re8 10. Nc4 Bf8 11. b3 f6 12. Nh4 Nc5 13. Nf5 Bxf5 14. exf5 e4
15. dxe4 Nxe4 16. Be3 Qd5 17. Qa5 b6 18. Qxd5+ cxd5 19. Nb2 c5 20. Rfe1 b5 21.
f3 Nc3 22. Kf1 d4 23. Bd2 Rxe1+ 24. Bxe1 Nd5 25. Bd2 Rc8 26. Nd3 Bd6 27. g3 c4
28. Nf4 Bxf4 29. Bxf4 Nb4 30. Rc1 Nxa2 31. Rd1 Nb4 0-1

[Event "Dortmund op-A"]
[Site "Dortmund"]
[Date "1993.??.??"]
[Round "11"]
[White "Balashov, Yuri S"]
[Black "Siebrecht, Sebastian"]
[Result "1-0"]
[WhiteElo "2545"]
[BlackElo "2335"]
[PlyCount "93"]
[EventDate "1993.04.??"]
[EventType "swiss"]
[EventRounds "11"]
[EventCountry "GER"]
[SourceTitle "TD"]
[Source "ChessBase"]
[SourceDate "1994.03.01"]
[SourceVersion "1"]
[SourceVersionDate "1994.03.01"]
[SourceQuality "1"]

1. e4 g6 2. d4 Bg7 3. Nf3 c6 4. Be2 d5 5. Nbd2 dxe4 6. Nxe4 Nd7 7. c4 Ngf6 8.
Nc3 O-O 9. O-O Qc7 10. Be3 Ng4 11. Bg5 Re8 12. h3 Ngf6 13. Qd2 e5 14. d5 Nc5
15. Bxf6 Bxf6 16. b4 Na6 17. Ne4 Bg7 18. d6 Qd8 19. c5 Nb8 20. Bc4 h6 21. Rad1
Be6 22. Qc2 Qd7 23. a4 Kh8 24. Rfe1 f5 25. Ng3 e4 26. Nd4 Bxd4 27. Rxd4 Qg7 28.
Bxe6 Qxd4 29. Bf7 Nd7 30. Bxg6 Rg8 31. Rd1 Qe5 32. Bxf5 Rxg3 33. Bxd7 Rg7 34.
Bg4 Rag8 35. d7 Rd8 36. Re1 h5 37. Bf3 Rgxd7 38. Rxe4 Qg5 39. Qc3+ Rg7 40. Re5
Qd2 41. Rxh5+ Kg8 42. Qc4+ Rf7 43. Qg4+ Rg7 44. Qe6+ Rf7 45. Rf5 Qd7 46. Rg5+
Kf8 47. Qh6+ 1-0

[Event "BL2-West 9394"]
[Site "Germany"]
[Date "1994.??.??"]
[Round "?.2"]
[White "Balashov, Yuri S"]
[Black "Teske, Henrik"]
[Result "1-0"]
[WhiteElo "2510"]
[BlackElo "2495"]
[PlyCount "77"]
[EventDate "1993.10.??"]
[EventType "team-tourn"]
[EventRounds "9"]
[EventCountry "GER"]
[SourceTitle "GER-chT2"]
[Source "ChessBase"]
[SourceDate "1999.07.01"]
[SourceVersion "1"]
[SourceVersionDate "1999.07.01"]
[SourceQuality "1"]
[WhiteTeam "Plettenberg"]
[BlackTeam "Porz II"]
[WhiteTeamCountry "GER"]
[BlackTeamCountry "GER"]

1. e4 c5 2. Nf3 e6 3. Nc3 Nc6 4. Be2 Nf6 5. O-O d5 6. exd5 Nxd5 7. d4 Nxc3 8.
bxc3 Be7 9. Bd3 b6 10. Rb1 Bb7 11. Be3 Qc7 12. Qe2 O-O 13. dxc5 bxc5 14. Bf4
Qxf4 15. Rxb7 Rab8 16. g3 Qd6 17. Rd1 Rxb7 18. Bxh7+ Kxh7 19. Rxd6 Bxd6 20.
Qd3+ g6 21. Qxd6 Rc8 22. Ng5+ Kg7 23. Qxc5 Rd7 24. c4 e5 25. Ne4 Rcc7 26. Nd6
Re7 27. Nb5 Rc8 28. Nd6 Rcc7 29. Qd5 Nd4 30. c5 Nxc2 31. h4 Nd4 32. Kg2 Kh7 33.
Ne4 Kg7 34. Qd6 Rcd7 35. Qf6+ Kg8 36. c6 Rc7 37. h5 gxh5 38. Qg5+ Kf8 39. Qh6+
1-0

[Event "Muenster op"]
[Site "Muenster"]
[Date "1993.??.??"]
[Round "3"]
[White "Balashov, Yuri S"]
[Black "Beckhuis, Gernod"]
[Result "1-0"]
[WhiteElo "2520"]
[BlackElo "2300"]
[PlyCount "83"]
[EventDate "1993.10.??"]
[EventType "swiss"]
[EventRounds "9"]
[EventCountry "GER"]
[SourceTitle "EXT 1999"]
[Source "ChessBase"]
[SourceDate "1998.11.16"]
[SourceVersion "1"]
[SourceVersionDate "1998.11.16"]
[SourceQuality "1"]

1. e4 e6 2. Qe2 c5 3. Nf3 Nc6 4. g3 Nf6 5. Bg2 Be7 6. O-O d5 7. d3 O-O 8. e5
Nd7 9. c4 dxc4 10. dxc4 b6 11. Nc3 Bb7 12. Bf4 Nd4 13. Nxd4 Bxg2 14. Kxg2 cxd4
15. Nb5 g5 16. Bc1 d3 17. Qxd3 Nxe5 18. Qe4 Nd3 19. Be3 Nxb2 20. Qc2 Bf6 21.
Rab1 Rc8 22. Rxb2 Bxb2 23. Qxb2 Rxc4 24. Kg1 a6 25. Nd4 b5 26. Nf3 f6 27. Nd2
Ra4 28. Rc1 Qd5 29. a3 e5 30. Rc5 Qe6 31. Rc3 Rd8 32. Qc2 Rd7 33. Ne4 Qf5 34.
Qb3+ Rc4 35. Nd2 Kg7 36. Nxc4 bxc4 37. Rxc4 Qf3 38. Rc1 g4 39. Qa4 Rd8 40. Qxa6
Rd1+ 41. Rxd1 Qxd1+ 42. Qf1 1-0